| 000 | 00400pab a2200157 454500 | ||
|---|---|---|---|
| 008 | 180718b2013 xxu||||| |||| 00| 0 eng d | ||
| 100 | _aCohen, Melanie P. | ||
| 245 | _aWhat will the new public sector look like and who will be there? | ||
| 260 | _c2013 | ||
| 300 | _ap.66-68. | ||
| 362 | _aWinter | ||
| 650 | _aStrategic planning | ||
| 773 | _aPublic Manager | ||
| 908 | _aN | ||
| 909 | _a103532 | ||
| 999 |
_c103528 _d103528 |
||